Κατάλογος Βιβλιοθηκών Mediterranean College

Η Ολοκλήρωση της Ευρωπαϊκής Ένωσης / Θεσμικές, Πολιτικές και Οικονομικές Πτυχές (Record no. 4080)

MARC details
000 -LEADER
fixed length control field 02415cam a22002054a 4500
005 - ΗΜΕΡΟΜΗΝΙΑ ΚΑΙ ΩΡΑ ΤΕΛΕΥΤΑΙΑΣ ΕΝΗΜΕΡΩΣΗΣ
Πεδίο ελέγχου 20250605164136.0
008 - FIXED-LENGTH DATA ELEMENTS--GENERAL INFORMATION
Πεδίο ελέγχου σταθερού μήκους 250528s ||||||||||||||||||||||||d
035 ## - SYSTEM CONTROL NUMBER
System control number 18764
020 ## - ISBN
ISBN 9603101982
040 ## - ΠΗΓΗ ΚΑΤΑΛΟΓΟΓΡΑΦΗΣΗΣ
Φορέας πρωτότυπης καταλογογράφησης MC Athens Campus Library
Γλώσσα καταλογογράφησης Ελληνικά, Μοντέρνα (1453-)
Modifying agency MC Athens Campus Library
Κανόνες περιγραφικής καταλογογράφησης AACR2
245 1# - ΤΙΤΛΟΣ ΚΑΙ ΔΗΛΩΣΗ ΥΠΕΥΘΥΝΟΤΗΤΑΣ
Τίτλος Η Ολοκλήρωση της Ευρωπαϊκής Ένωσης / Θεσμικές, Πολιτικές και Οικονομικές Πτυχές
260 ## - PUBLICATION, DISTRIBUTION, ETC.
Name of publisher, distributor, etc. Θεμέλιο,
Date of publication, distribution, etc. 1995
300 ## - PHYSICAL DESCRIPTION
Extent 736
520 ## - SUMMARY, ETC.
Summary, etc. Συντομογραφίες, Εισαγωγή, Θεωρία της Διεθνούς Πολιτικής Ενοποίησης, Οι Θεσμοί της Ευρωπαϊκής Ένωσης και η Λειτουργία τους, Η Έννομη Τάξη της ΕυρωπαΙκής Ένωσης, Η Ευρωπαϊκή Ενοποίηση και το Ενικό Σύνταγμα, Η Πολιτική Συνεργασία στην Ευρωπαϊκή Ένωση, Η Διεύρυνση της Ευρωπαϊκής Ένωσης, Οικονομική Οργάνωση, Θεωρία της Διεθνούς Οικονομικής Ολοκλήρωσης, Η Ολοκλήρωση της Εσωτερικής Αγοράς της Ευρωπαϊκής Ένωσης, Δημοσιονομική Εναρμόνιση και Δημοσιονομική Ενοποίηση στην Ευρωπαϊκή Ένωση, Ο Προϋπολογισμός της Ευρωπαϊκής Ένωσης, Θεωρία Νομισματικής Ενοποίησης και το Ευρωπαϊκο Νομισματικό Σύστημα, Η Διαδικασία της Οικονομικής και Νομισματικής Ένωσης στην Ευρωπαϊκή Ένωση, Οι Πολιτικές της ΕυρωπαΙκής Ένωσης, Η Περιφερειακή Πολιτική, Η Αγροτική Πολιτική, Η Βιομηχανική και Τεχνολογική Πολιτική, Η Εμπορική Πολιτική, Η Ευρωπαϊκή Ένωση και η Κεντρική και Ανατολική Ευρώπη, Η Περιβαλλοντική Πολιτική, Η Κοινωνική Πολιτική, Η Εκπαιδευτική Πολιτική, Παραρτήματα.
700 1# - ΠΡΟΣΘΕΤΗ ΑΝΑΓΡΑΦΗ--ΦΥΣΙΚΟ ΠΡΟΣΩΠΟ
Personal name Μαραβεγιάς Ναπολέον
9 (RLIN) 5010
700 1# - ΠΡΟΣΘΕΤΗ ΑΝΑΓΡΑΦΗ--ΦΥΣΙΚΟ ΠΡΟΣΩΠΟ
Personal name Τσινισιζελής Μιχάλης
9 (RLIN) 5011
942 ## - ADDED ENTRY ELEMENTS (KOHA)
Koha item type Books
Holdings
Τύπος τεκμηρίου Βιβλιοθήκη Τρέχουσα τοποθεσία Barcode Αριθμός εισαγωγής Ημερομηνία απόκτησης Ταξιθετικό σύμβολο Αριθμός αντιτύπου Κατάσταση απόσυρσης Κατάσταση χαμένου Κατάσταση κατεστραμμένου Μη δανεισμός Σύνολο δανεισμών Ημερομηνία τελευταίας εμφάνισης Η τιμή ισχύει από
Books MC Athens Campus Library MC Athens Campus Library 9780000040794 3674 05/06/2025 341.750614 MAR 1           05/06/2025 05/06/2025

MC Athens Campus Library
Πατησίων 94 & Κοδριγκτώνος 13, 104 34
Πελλήνης 8 & Πατησίων 107, 112 51
Τ: +30 210 8899600

MC Thessaloniki Campus Library
Ίωνος Δραγούμη 21, 54625 | Ίωνος Δραγούμη 15, 54625
Τ: +30 2310 287779 – Τ: +30 2314 440300